000 00551nam a2200205Ia 4500
005 20250508162742.0
008 008 250505s9999 xx 000 0 hin d
037 _aBooks to be hide in OPAC
040 _aFEDL
_beng
_cFEDL
041 _ahin
_2eng
084 _a374, BHA/O
_qFEDL
245 0 _aAadharbhut shiksha : Nirupan aur karyakaram
245 0 _cUNESCO
260 _aParis, France
_bUNESCO
_c1956
300 _a97p
365 _aINR
_b5
650 _aAdult Education
942 _cHB
_h374, BHA/O
999 _c1378486
_d1378486